000 00985npm a2200241 i 4500
001 5162
003 ES-MaACL
005 20250811063128.0
007 hzrazu bucu
008 900419r19901787sp a 00010 spa d
080 _a91(46)
080 _a7(46-81)
100 1 _aPonz, Antonio,
_d1725-1792
_993069
245 1 0 _aViage de EspaƱa en el que se da noticia de las cosas mas apreciables y dignas de saberse que hay en ella
_b: [Microforma] /
_csu autor Antonio Ponz.
260 _aMadrid :
_bAteneo Cientifico, Literario y Artistico,
_c1990.
300 _a3 carretes de microfilme :
_bnegativo ;
_c16 mm.
500 _aPublicado originalmente: Madrid, Viuda de Ibarra, 1787-1793, 3a ed. corregida y aumentada, 18 v.
505 8 _aCarrete n. 1: Tomos 1 a 7 -- Carrete n. 2: Tomos 8 a 14 -- Carrete n. 3: Tomos 15 a 18
650 1 4 _aObras anteriores a 1800.
_915661
852 _aES-MaACL
_jMC-196-198
_95279
942 _2udc
_cMICROFORMA
999 _c5162
_d5162